000 00988nas a2200313 4500
001 BR2012003599
003 BR-BrBNA
005 20231205120551.0
007 ta
008 230509b bl.|||p| |||| 00| 00por d
040 _aBR-BrBNA
_bpor
_cBiblioteca Nacional de Agricultura
041 _a(Pt)
072 _aF01; P33
100 1 _aBarreto, C.V.G.
100 1 _aTestezlaf, R.
100 1 _aSalvador, C.A.
245 1 _aDinâmica do petencial matricial em substratos de pinus e coco sob ação da capilaridade
246 1 _aDynamics of matric potential on substrates of pine and coconut under the action of capillarity
650 _aSUBSTRATO DE CULTURA
650 _aCOCO
650 _aPINHEIRO
650 _aTEXTURA
650 _aCAPILARIDADE
650 _aÁGUA
650 _aSOLO
773 0 _tHorticultura Brasileira (Brazil)
_xISSN 0102-0536
_g(Jan-Mar 2012), v. 30(1) p. 26-31
_wBR2012003599
909 _a202311
_bLúcia
_c55
_dLúcia Elande
942 _2AGRIS
_n0
_cANA
999 _c219173
_d219173